Foods in Polish Quiz Stats

 Plays Quiz not verified by Sporcle

Challenge
Share
Tweet
Embed
Score 0/16 Timer 03:00
0 Plays Today
% Correct
Milk
92.4%
Chocolate
91.6%
Onion
84%
Fish
80.7%
Apples
79.8%
Oranges
78.2%
Cabbage
76.5%
Cheese
76.5%
% Correct
Potato
68.9%
Cherry
68.9%
Chicken
67.2%
Cookies
67.2%
Carrot
65.5%
Beet
60.5%
Beef
54.6%
Pork
53.8%

You're not logged in!

Compare scores with friends on all Sporcle quizzes.
OR
Log In

You Might Also Like...

Show Comments

Extras

Top Quizzes Today


Score Distribution

Your Account Isn't Verified!

In order to create a playlist on Sporcle, you need to verify the email address you used during registration. Go to your Sporcle Settings to finish the process.

Report this User

Report this user for behavior that violates our Community Guidelines.

Details: